First citizens of India Dr. Rajendra Prasad to Dr. Shanker Dayal Sharma (Record no. 122636)

MARC details
000 -LEADER
fixed length control field 00756nam a22002297a 4500
005 - DATE AND TIME OF LATEST TRANSACTION
control field 20170124105913.0
010 ## - LIBRARY OF CONGRESS CONTROL NUMBER
LC control number A-715541
020 ## - INTERNATIONAL STANDARD BOOK NUMBER
Terms of availability 350.00
International Standard Book Number 8185972710
035 ## - SYSTEM CONTROL NUMBER
System control number A-715541
037 ## - SOURCE OF ACQUISITION
Source of stock number/acquisition Cen Lib/Ret
040 ## - CATALOGING SOURCE
Original cataloging agency DPL
Language of cataloging EN
082 ## - DEWEY DECIMAL CLASSIFICATION NUMBER
Classification number 920
100 ## - MAIN ENTRY--PERSONAL NAME
Personal name Kohli,A.B.
9 (RLIN) 1279
245 ## - TITLE STATEMENT
Title First citizens of India Dr. Rajendra Prasad to Dr. Shanker Dayal Sharma
Statement of responsibility, etc by A.B.Kohli
Remainder of title profile and bibliography
260 ## - PUBLICATION, DISTRIBUTION, ETC. (IMPRINT)
Place of publication, distribution, etc New Delhi
Name of publisher, distributor, etc Reliance Publishing House
Date of publication, distribution, etc 1995
270 ## - ADDRESS
Address 3026/7H,Ranjit Nagar
City New Delhi
Postal code 110008
300 ## - PHYSICAL DESCRIPTION
Extent xi, 305p.
Dimensions 22cm(Hb)
500 ## - GENERAL NOTE
General note Includes bibliographical reference
650 ## - SUBJECT ADDED ENTRY--TOPICAL TERM
Topical term or geographic name as entry element Indian Presidents
Geographic subdivision India
9 (RLIN) 1280
650 ## - SUBJECT ADDED ENTRY--TOPICAL TERM
Topical term or geographic name as entry element Indian Political leaders
9 (RLIN) 1281
942 ## - ADDED ENTRY ELEMENTS (KOHA)
Source of classification or shelving scheme Dewey Decimal Classification
Koha item type English Books
Classification part 920
Call number suffix KOH
Holdings
Withdrawn status Lost status Damaged status Not for loan Collection code Home library Current library Date acquired Source of acquisition Cost, normal purchase price Total Checkouts Full call number Barcode Date last seen Copy number Cost, replacement price Price effective from Koha item type
      Not For Loan Reference Central Library Central Library 28/05/2015 Cen Lib/Ret 350.00   920 KOH A-715541 28/05/2015 1 350.00 28/05/2015 English Books

© Delhi Public Library
Hit Counter
free hit counter